000
00309 a2200109 4500
000
nam a22 7a 4500
020
_a
9780323390880
100
_a
Kee, Joyce LeFever
245
_a
Clinical calculations : with applications to general and specialty areas
250
_a
Eighth edition
260
_b
Elsevier
_c
2017.
999
_c
83618
_d
83618